Palmarès de Remco Evenepoel - Statistiques

Statistiques générales
  • Ce quiz a été pris 20 fois
  • Le résultat moyen est 10 sur 34
Statistiques - réponses
Hint Réponse % Correct
La Vuelta
73%
Liège-Bastogne-Liège
60%
Liège-Bastogne-Liège
60%
2022 Champion du monde
53%
Tour de France (étape)
40%
2023 Champion du monde CLM
33%
Champion du monde CLM
33%
Giro (Étape)
33%
Giro (étape)
33%
La Vuelta (étape)
33%
La Vuelta (étape)
33%
La Vuelta (étape)
33%
La Vuelta (étape)
33%
La Vuelta (étape)
33%
Champion de Belgique
27%
Champion de Belgique CLM
27%
Criterium du Dauphiné (étape)
27%
2025 Champion de Belgique CLM
27%
Criterium du Dauphiné (étape)
27%
Paris-Nice (étape)
27%
2020 Tour de Pologne
27%
2019 Champion d'Europe CLM
20%
Tour de Suisse (étape)
20%
Tour de Pologne (étape)
20%
Tour de Suisse (étape)
20%
Champion olympique CLM
13%
2024 Champion olympique
13%
Tour de Catalogne (étape)
13%
Tour de Catalogne (étape)
13%
Tour de Romandie (étape)
13%
Tour des Émirats arabes unis
13%
Classique de Saint-Sébastien
7%
Classique de Saint-Sébastien
7%
Tour des Émirats arabes unis (étape)
7%
Aucun quiz correspondant
Distribution des résultats
% des personnes avec chaque résultat
Percentile par nombre de réponses
Votre historique - résultats
Vous n’avez pas pris ce quiz